| 000 | 00832nam a2200265 i 4500 | ||
|---|---|---|---|
| 001 | 190797 | ||
| 003 | ES-MaACL | ||
| 005 | 20240120125610.0 | ||
| 008 | 220712s2020 sp 001 0 spa | ||
| 020 | _a978-84-306-2346-4 | ||
| 080 | _a82-1.09 | ||
| 100 | 1 |
_aPeyrou, Mariano. _9174843 |
|
| 245 | 1 | 0 |
_aTensión y sentido : _buna introducción a la poesía contemporánea / _cMariano Peyrou. |
| 250 | _a1ª ed. | ||
| 260 |
_a[Barcelona] : _bTaurus, _c2020. |
||
| 300 |
_a266 p. ; _c24 cm. |
||
| 490 | 1 | _aLiteratura | |
| 500 | _aÍndice onomástico. | ||
| 504 | _aReferencias bibliográficas. | ||
| 650 | 4 |
_aPoesía- _xHistoria y crítica. _9183561 |
|
| 830 | 1 |
_aLiteratura _9177860 |
|
| 852 | 4 |
_aES-MaACL _jA-14791 _9197980 _bR.153294 _cDEPO1 _dOlim: N-8020 _hDonación: Editorial |
|
| 942 | _2udc | ||
| 999 |
_c190797 _d190797 |
||